Countries that End in E - Statistics

General Stats
  • This quiz has been taken 75 times
  • The average score is 5 of 12
Answer Stats
Population Answer % Correct
19,116,201 Chile
69%
67,000,000 France
69%
397,628 Belize
64%
10,423,054 Greece
56%
43,733,762 Ukraine
53%
586,632 Suriname
42%
7,976,983 Sierra Leone
36%
219,159 Sao Tome and Principle
31%
5,850,342 Singapore
31%
555,987 Cape Verde
24%
31,255,435 Mozambique
22%
14,862,924 Zimbabwe
22%
No matching quizzes found
Score Distribution
Percent of People with Each Score
Percentile by Number Answered
Your Score History
You have not taken this quiz